A Report on the profession of landscape architecture : a summary report /

Saved in:
Bibliographic Details
Corporate Author: American Society of Landscape Architects.
Format: Book
Language:English
Published: [Washington, D.C. : The Society], 1963.
Subjects:
Tags: Add Tag
No Tags, Be the first to tag this record!
LEADER 00632nam a22001817u 4500
001 000000149-X
005 20020606090541.3
008 821202|1963 ||||||| |||| |0||||eng|d
035 0 |a ocm21882183 
035 0 |a ocm81467254 
245 0 2 |a A Report on the profession of landscape architecture :  |b a summary report /  |c of the ASLA committee on the profession. 
260 0 |a [Washington, D.C. :  |b The Society],  |c 1963. 
300 |a 28 p. ;  |c 28 cm. 
610 2 0 |a American Society of Landscape Architects. 
650 0 |a Landscape architecture  |x Vocational guidance. 
710 2 |a American Society of Landscape Architects. 
988 |a 20020608 
906 |0 MH